| 000 | 00400cam a2200169ua 4500 | ||
|---|---|---|---|
| 020 | _c2.28 | ||
| 041 |
_amal _h |
||
| 082 |
_a894.812308 _bGOV/IN |
||
| 100 | _aGovind Das, Seth . | ||
| 245 |
_aIndumathi / _cSeth Govind Das. _hTextual Documents |
||
| 260 |
_aThrissur : _bCurrent Books , _c1965. |
||
| 300 | _a166 ; . | ||
| 365 | _a2.28 | ||
| 504 | _a | ||
| 942 | _cBK | ||
| 999 |
_c4565 _d4565 |
||